Bareilly rising of 1857-1859 and the bengali babu / (Record no. 42778)
[ view plain ]
| 000 -LEADER | |
|---|---|
| fixed length control field | 00742nam a22002057a 4500 |
| 005 - DATE AND TIME OF LATEST TRANSACTION | |
| control field | 20100820160041.0 |
| 010 ## - LCCN (DPL NO) | |
| LC control number | ENG-101099 |
| 020 ## - INTERNATIONAL STANDARD BOOK NUMBER | |
| International Standard Book Number | 9788180641725 |
| Terms of availability | 700.00 |
| 035 ## - SYSTEM CONTROL NUMBER | |
| System control number | EN-84632 |
| 037 ## - SOURCE OF ACQUISITION | |
| Source of stock number/acquisition | DBAD/PUB |
| 082 ## - DEWEY DECIMAL CLASSIFICATION NUMBER | |
| Classification number | 954.08 |
| 100 ## - MAIN ENTRY--PERSONAL NAME | |
| Personal name | Ray, Aniruddha |
| 245 ## - TITLE STATEMENT | |
| Title | Bareilly rising of 1857-1859 and the bengali babu / |
| Statement of responsibility, etc | by Aniruddha Ray |
| 260 ## - PUBLICATION, DISTRIBUTION, ETC. (IMPRINT) | |
| Place of publication, distribution, etc | Kolkata |
| Name of publisher, distributor, etc | Progressive Publishers |
| Date of publication, distribution, etc | 2010 |
| 270 ## - ADDRESS | |
| Address | 37A College Street |
| City | Kolkata |
| Postal code | 73 |
| 300 ## - PHYSICAL DESCRIPTION | |
| Extent | 415p. |
| Dimensions | 25cm (Hb) |
| Accompanying material | maps |
| 500 ## - GENERAL NOTE | |
| General note | includes bibliographical references |
| 942 ## - ADDED ENTRY ELEMENTS (KOHA) | |
| Source of classification or shelving scheme | Dewey Decimal Classification |
| Item type | English Books |
| Classification part | 954.08 |
| Call number suffix | RAY |
| Withdrawn status | Lost status | Not for loan | Collection code | Home library | Current library | Date acquired | Source of acquisition | Cost, normal purchase price | Full call number | Barcode | Copy number | Cost, replacement price | Koha item type |
|---|---|---|---|---|---|---|---|---|---|---|---|---|---|
| Not For Loan | Non-fiction | D.B.Act.Division | D.B.Act.Division | 20/08/2010 | DBAD/PUB | 700.00 | 954.08 RAY | EN-84632 | 1 | 700.00 | English Books |
